000
003170000a22001450004500
003
MACL
040
_a
MACL
090
_c
32920
_d
32918
100
_a
Paz, Ovtavio
245
_a
In Light of India
260
_b
Harper Collins Publishing
_c
2000
350
_a
150
650
_a
Political Science
942
_c
BOOK
_k
320/Paz
999
_c
32583
_d
32583